Navy or Marines? - Statistics

General Stats
  • This quiz has been taken 370 times
  • The average score is 6 of 10
Answer Stats
Question Answer % Correct
Is bigger Navy
89%
Are tougher Marines
88%
Has planes Both
79%
Has aircraft carriers Navy
79%
Has dolphins Navy
71%
Has Boats Both
70%
Go to the United States Naval Academy Both
62%
Has the F-35b Marines
42%
Has submarines Both
13%
Mascot is Bill the Goat Both
10%
No matching quizzes found
Score Distribution
Percent of People with Each Score
Percentile by Number Answered
Your Score History
You have not taken this quiz